000 00330nam a2200133 4500
999 _c9581
_d9581
003 OSt
005 20210705111530.0
008 210705b ||||| |||| 00| 0 eng d
020 _a9780367136802
082 _a745.4
_bANJ
100 _aD'Anjou, Philippe
245 _aEthical design intelligence : the virtuous designer
942 _2ddc